| 000 | 00546nam a22001937a 4500 | ||
|---|---|---|---|
| 003 | koha_MIRAKIL | ||
| 005 | 20231213095721.0 | ||
| 008 | 231213b |||||||| |||| 00| 0 ||| d | ||
| 020 | _b978-6-05-360835-6 | ||
| 040 |
_aTR-IsEVY _btur _cTR-IsEVY |
||
| 082 | _aFIC BUT/A | ||
| 100 | _aButschkow, Ralf. | ||
| 245 | 0 | _aArkadaşım aşçı | |
| 260 |
_bTürkiye İş Bankası Kültür Yayınları, _c2013 |
||
| 300 | _a[30] | ||
| 650 | _aGenel Konular. | ||
| 650 | _aKendimizi düzenleme biçimimiz How we express ourselves. | ||
| 942 |
_2ddc _cBK |
||
| 999 |
_c8267 _d8267 |
||